Statistics for Religious Figures A-Z

Click here to take the quiz!

General Stats

  • This quiz has been taken 398 times
  • The average score is 16 of 24

Answer Stats

HintFigure% Correct
MFounder of IslamMuhammad
98%
BSiddhārtha GautamaBuddha
97%
L"Protestant Reformation"Martin Luther
94%
TMost famous Catholic nunMother Teresa
94%
DTibetan Buddhist leaderDalai Lama
92%
CChinese philosopher who
founded a religion in c. 500 BC
Confucius
88%
FLatin American popeFrancis
88%
VChristian saint who died
on February 14
Valentine
85%
GPope whose calendar replaced
the Julian version
Gregory XIII
79%
PApostle to the GentilesPaul
77%
HKing who tried to kill baby JesusHerod
76%
JThe only Polish popeJohn Paul II
76%
UName of 8 popesUrban
69%
KIranian Ayatollah, 1902-1989Ruhollah
Khomeini
67%
ZPersian monotheist prophetZoroaster
62%
YFounder of Salt Lake CityBrigham Young
60%
AMan who was either the first
or fourth caliph
Ali
51%
SEthiopian Emperor considered the
Messiah in Rastafarianism
Haile Selassie
51%
RMother of JacobRebecca
50%
IAncient Egyptian architect who was
a high priest of the sun god Ra
Imhotep
46%
EJewish queen of XerxesEsther
39%
NGuru who founded SikhismNanak
26%
WFounder of MethodismJohn Wesley
25%
OHe spilled his seed on the groundOnan
19%

Score Distribution

Percentile by Number Answered

Percent of People with Each Score

Your Score History

You have not taken this quiz